Statistiques concernant Les 50 plus grosses recrues de Manchester united

Cliquez ici pour prendre le quiz!

Statistiques générales

  • Ce quiz a été pris 123 fois
    (30 depuis la dernière actualisation)
  • Le résultat moyen est 38 sur 50

Statistiques - réponses

SaisonClubMontantNationalitéPosteRéponse% Correct
2016/07Juventus105 millionsFranceMilieuPogba
96%
2021/22Real40 millionsFranceDéfenseurVarane
96%
2022/23Ajax95 millionsBrésilAttaquantAntony
92%
2022/23
Real Madrid
70.65 millionsBrésilMilieuCasemiro
92%
2014/15Real Madrid75 millionsArgentineAttaquantDi Maria
92%
2019/20Sporting65 millionsPortugalMilieuFernandes
92%
2018/19Shakhtar59 millionsBrésilMilieuFred
92%
2023/24Atalanta75 millionsDanemarkAttaquantHojlund
92%
2017/18Everton84.7 millionsBelgiqueAttaquantLukaku
92%
2019/20Leicester87 millionsAngleterreDéfenseurMaguire
92%
2015/16Monaco60 millionsFranceAttaquantMartial
92%
2023/24Chelsea64.2 millionsAngleterreMilieuMount
92%
2023/24Inter Milan52.5 millionsCamerounGardienOnana
92%
2021/22Dortmund85 millionsAngleterreAttaquantSancho
92%
2019/20Crystal Palace55 millionsAngleterreDéfenseurWan Bissaka
92%
2016/17Villarreal38 millionsCôte d'IvoireDéfenseurBailly
88%
2008/09Tottenham38 millionsBulgarieAttaquantBerbatov
88%
2022/23Ajax57.37 millionsArgentineDéfenseurMartinez
88%
2017/18Arsenal34 millionsChiliAttaquantSanchez
88%
2002/03Leeds46 millionsAngleterreDéfenseurFerdinand
85%
2017/18Chelsea44.7 millionsSerbieMilieuMatic
85%
2016/17Dortmund42 millionsArménieMilieuMkhitaryan
85%
2003/04Sporting19 millionsPortugalAttaquantRonaldo
85%
2004/05Everton37 millionsAngleterreAttaquantRooney
85%
2014/15Southampton37.5 millionsAngleterreDéfenseurShaw
85%
2013/14Chelsea44.73 millionsEspagneMilieuMata
81%
2020/21Ajax39 millionsPays-BasMilieuVan de Beek
81%
2012/13Arsenal30.7 millionsPays-BasAttaquantVan Persie
81%
2011/12Atletico Madrid25 millionsEspagneGardienDe Gea
77%
2013/14Everton32.4 millionsBelgiqueMilieuFellaini
77%
2017/18Benfica35 millionsSuèdeDéfenseurLindelof
77%
2009/10Wigan18.8 millionsEquateurDéfenseurValencia
77%
2018/19Porto22 millionsPortugalDéfenseurDalot
73%
2014/15Athletic Bilbao36 millionsEspagnolMilieuHerrera
69%
2001/02PSV28.5 millionsPays-BasAttaquantVan Nistelrooy
69%
2015/16PSV34 millionsPays-BasAttaquantDepay
65%
2019/20Swansea17.8 millionsPays de GallesAttaquantJames
65%
2007/08Sporting25.5 millionsPortugalAttaquantNani
65%
2001/02Lazio42.6 millionsArgentineMilieuVeron
65%
2014/15Ajax17.5 millionsPays-BasDéfenseurBlind
62%
2006/07Tottenham27.2 millionsAngleterreMilieuCarrick
62%
2020/21Atalanta21.3 millionsCôte d'IvoireAttaquantDiallo
58%
2015/16Southampton35 millionsFranceMilieuSchneiderlin
58%
2007/08Porto31.5 millionsBrésilMilieuAnderson
54%
2011/12Blackburn19.3 millionsAngleterreDéfenseurJones
54%
2014/15Sporting20 millionsArgentineDéfenseurRojo
54%
1998/99Aston Villa19.25 millionsTrinité-et-TobagoAttaquantYorke
50%
2015/16Torino18 millionsItalieDéfenseurDarmian
46%
2011/12Aston Villa18 millionsAngleterreDéfenseurYoung
42%
2007/08Bayern25 millionsAngleterreMilieuHargreaves
31%

Distribution des résultats

Percentile par nombre de réponses

% des personnes avec chaque résultat

Votre développement - résultats

Vous n’avez pas pris ce quiz depuis la dernière actualisation